Fr. Conceicao Rodrigues College of Engineering

Basic circuit Analysis (Record no. 33169)

MARC details
000 -LEADER
fixed length control field 00352nam a2200157Ia 4500
082 ## - DEWEY DECIMAL CLASSIFICATION NUMBER
Classification number 621.38132
Item number PAN
100 ## - MAIN ENTRY--PERSONAL NAME
Personal name Cunningham/D.R.
245 ## - TITLE STATEMENT
Title Basic circuit Analysis
260 ## - PUBLICATION, DISTRIBUTION, ETC.
Name of publisher, distributor, etc. Jaico Pub
Place of publication, distribution, etc. Bombay
Date of publication, distribution, etc. 1993
300 ## - PHYSICAL DESCRIPTION
Extent 881
546 ## - LANGUAGE NOTE
Language note ENGLISH
650 ## - SUBJECT ADDED ENTRY--TOPICAL TERM
Topical term or geographic name entry element Electrical Engineering
654 ## - SUBJECT ADDED ENTRY--FACETED TOPICAL TERMS
Focus term circuit Analysis
942 ## - ADDED ENTRY ELEMENTS (KOHA)
Koha item type Reference Book
Holdings
Withdrawn status Lost status Damaged status Not for loan Collection Home library Current library Shelving location Date acquired Cost, normal purchase price Total Checkouts Full call number Barcode Date last seen Cost, replacement price Price effective from Koha item type Source of acquisition
        CRC Fr. Agnel's C.Rodrigues College of Engineering Fr. Agnel's C.Rodrigues College of Engineering   17/03/2023 1200.00   621.38132 PAN 5640 17/03/2023 1200.00 17/03/2023 Reference Book  
        CRC Fr. Agnel's C.Rodrigues College of Engineering Fr. Agnel's C.Rodrigues College of Engineering   17/03/2023 1200.00   621.38132 6754 17/03/2023 1200.00 17/03/2023 BOOK global books
        CRC Fr. Agnel's C.Rodrigues College of Engineering Fr. Agnel's C.Rodrigues College of Engineering   17/03/2023 1200.00   621.38132 7101 17/03/2023 1200.00 17/03/2023 BOOK global books